| 000 | 00972cam a2200265 a 4500 | ||
|---|---|---|---|
| 001 | 15685036 | ||
| 005 | 20180302043724.0 | ||
| 007 | co |g||||||||| | ||
| 008 | 090403s2010 njua b 001 0 eng | ||
| 010 | _a 2009012972 | ||
| 020 | _a9780135027288 (alk. paper) | ||
| 020 | _a0135027284 (alk. paper) | ||
| 035 | _a(OCoLC)ocn268788759 | ||
| 040 |
_aDLC _cDLC _dYDX _dBTCTA _dYDXCP _dDLC |
||
| 041 | _aeng | ||
| 080 | _a690 | ||
| 082 | 0 | 0 |
_a690 LEF _222 |
| 100 | 1 | _a41 | |
| 101 | _aARK | ||
| 245 | 1 | 0 |
_aSustainable construction and design / _cM. Regina Leffers. |
| 504 | _aIncludes bibliographical references and index. | ||
| 906 |
_a7 _bcbc _corignew _d1 _eecip _f20 _gy-gencatlg |
||
| 942 |
_2ddc _cBK |
||
| 999 |
_c43981 _d43981 |
||